Art and craft of harappans (Record no. 20605)

MARC details
000 -LEADER
fixed length control field 00453nam a2200169Ia 4500
008 - FIXED-LENGTH DATA ELEMENTS--GENERAL INFORMATION
fixed length control field 230917s9999||||xx |||||||||||||| ||und||
020 ## - ISBN
Price RS990
040 ## - CATALOGING SOURCE
-- 237088
Original cataloging agency VIVEKANANDA LIBRARY
041 ## - Language
-- English
082 ## - DDC NUMBER
Classification number 709.54 M295A
100 ## - MAIN ENTRY--PERSONAL NAME
Personal name Malik, S P
245 #0 - TITLE STATEMENT
Title Art and craft of harappans
260 ## - PUBLICATION, DISTRIBUTION, ETC. (IMPRINT)
Place of publication, distribution, etc New Delhi
Name of publisher, distributor, etc Abhay Publications
Date of publication, distribution, etc 2015
300 ## - PHYSICAL DESCRIPTION
Pages 230 p.
500 ## - GENERAL NOTE
General note 2540 10/01/2017 RK17/3453 19/01/2017 Main Budget Periodicals
942 ## - ADDED ENTRY ELEMENTS (KOHA)
Koha item type Books
Holdings
Withdrawn status Lost status Damaged status Not for loan Location (home branch) Sublocation or collection (holding branch) Date acquired Koha issues (times borrowed) Koha full call number Accession No. Koha date last seen Koha item type
        VIVEKANANDA LIBRARY VIVEKANANDA LIBRARY 17/02/2017 2 709.54 M295A 360392 28/01/2026 Books
        VIVEKANANDA LIBRARY VIVEKANANDA LIBRARY 17/02/2017 2 709.54 M295A 360393 20/03/2026 Books
© Designed and Maintained by Vivekananda Library, MDU Rohtak